Study English. P. 2 (Запись № 10467077)

Подробности
000 -МАРКЕР
контрольное поле 01101nam2a2200229 4500
001 - ИДЕНТИФИКАТОР ЗАПИСИ
контрольное поле RU\NLR\BIBL_A\010582418
005 - ИДЕНТИФИКАТОР ВЕРСИИ
контрольное поле 20250614074652.0
021 ## - НОМЕР ГОСУДАРСТВЕННОЙ РЕГИСТРАЦИИ
Код страны Российская Федерация
Номер 2014-84060
Номер Листа государственной регистраци 5110
035 ## - ДРУГИЕ СИСТЕМНЫЕ НОМЕРА
Идентификатор записи (NLR Aleph) 010582418
100 ## - ДАННЫЕ ОБЩЕЙ ОБРАБОТКИ
Данные общей обработки 20150113d2014 |||y0rusy50 ca
101 0# - ЯЗЫК РЕСУРСА
Язык текста, звукозаписи и т.д. русский
-- английский
102 ## - СТРАНА ПУБЛИКАЦИИ ИЛИ ПРОИЗВОДСТВА
Страна публикации Российская Федерация
105 ## - ПОЛЕ КОДИРОВАННЫХ ДАННЫХ: ТЕКСТОВЫЕ МАТЕРИАЛЫ, МОНОГРАФИЧЕСКИЕ
Кодированные данные о монографическом текстовом документе y j 000yy
200 0# - ЗАГЛАВИЕ И СВЕДЕНИЯ ОБ ОТВЕТСТВЕННОСТИ
Основное заглавие P. 2
210 ## - ПУБЛИКАЦИЯ, РАСПРОСТРАНЕНИЕ И ДР.
Дата издания, распространения и т.д. 2014
Место издания, распространения и т.д. Б. м.
215 ## - ФИЗИЧЕСКАЯ ХАРАКТЕРИСТИКА
Специфическое обозначение материала и объем 51 с.
461 #0 - УРОВЕНЬ НАБОРА
Встроенное поле 001RU\NLR\BIBL_A\010783613
-- 2000#$aStudy English$eучебно-методическое пособие по дисциплине "Английский язык"$f[Г. И. Степанова, Д. В. Федорова]$vP. 2
Системный номер (АБИС) связанной записи 10080537
Место публикации Курск
Дата публикации 2014
Первые сведения об ответственности [Г. И. Степанова, Д. В. Федорова]
Имя издателя, распространителя и т.д. Изд-во Курской государственной сельскохозяйственной академии
Сведения, относящиеся к заглавию учебно-методическое пособие по дисциплине "Английский язык"
Заглавие Study English
Номер тома P. 2
942 ## - ДОПОЛНИТЕЛЬНЫЕ ЭЛЕМЕНТЫ ЗАПИСИ (АБИС)
Тип экземпляра АБИС Книга
980 ## - КОЛЛЕКЦИЯ
Название коллекции Национальная библиография
Экземпляры
Тип экземпляра Дата поступления Стоимость Библиотека постоянного хранения Библиотека текущего хранения Место хранения Шифр хранения Штрих-код Статус экземпляра
Книга 13.01.2015 0.00 РНБ (Московский) РНБ (Московский) Русский книжный фонд: издания с 1957 года 2015-4/55 1-751291  
Книга 13.01.2015 0.00 РНБ (Московский) РНБ (Московский) Русский книжный фонд: издания с 1957 года 2015-4/55 1-751290